চিল্ড্রেন্স নলেজ ব্যাংক / (Record no. 8083)
[ view plain ]
| 000 -LEADER | |
|---|---|
| fixed length control field | 00568nam a22001937a 4500 |
| 003 - CONTROL NUMBER IDENTIFIER | |
| JCCL marc code | BD-JhCC |
| 005 - DATE AND TIME OF LATEST TRANSACTION | |
| control field | 20180218124545.0 |
| 008 - FIXED-LENGTH DATA ELEMENTS--GENERAL INFORMATION | |
| fixed length control field | 180218b1984 bg ||||| |||| 00| 0 bg d |
| 035 ## - SYSTEM CONTROL NUMBER | |
| system control number | (BD-JhCC) |
| 040 ## - CATALOGING SOURCE | |
| Original cataloging agency | BD-JhCC |
| Modifying agency | BD-JhCC |
| 041 ## - LANGUAGE CODE | |
| Language code of Book | ben |
| 082 ## - DEWEY DECIMAL CLASSIFICATION NUMBER | |
| Classification number | 002 |
| Author mark and Year | 1984 |
| 100 ## - MAIN ENTRY--PERSONAL NAME | |
| Personal name | গুপ্ত, ডাঃ সুনিতা |
| 245 ## - TITLE STATEMENT | |
| Title | চিল্ড্রেন্স নলেজ ব্যাংক / |
| Statement of responsibility, etc | ডাঃ সুনিতা গুপ্ত |
| 300 ## - PHYSICAL DESCRIPTION | |
| Pagination | 204 p. : |
| Dimensions | 24 cm. |
| 650 ## - SUBJECT ADDED ENTRY--TOPICAL TERM | |
| Topical term or geographic name as entry element | Childeen knowledge |
| 942 ## - ADDED ENTRY ELEMENTS (KOHA) | |
| Source of classification or shelving scheme | Dewey Decimal Classification |
| Koha item type | Books |
| Source of classification or shelving scheme | Damaged status | Not for loan | Home library | Current library | Shelving location | Date of accession | Full call number | Barcode | Date last seen | Copy number | Method of acquisition | Koha item type | Currency |
|---|---|---|---|---|---|---|---|---|---|---|---|---|---|
| Dewey Decimal Classification | JCC Rouf Library | JCC Rouf Library | General Stacks | 02/18/2018 | 002 AGA 1987 | 10271 | 02/18/2018 | C-1 | Purchase | Books | BDT | ||
| Dewey Decimal Classification | JCC Rouf Library | JCC Rouf Library | General Stacks | 02/18/2018 | 002 AGA 1987 | 10302 | 02/18/2018 | C-2 | Purchase | Books | BDT |